000 01110nam2a2200217 4500
001 RU\NLR\BIBL_A\012607694
005 20250624084302.0
035 _a(NLR Aleph) 012607694
090 _a12600566
_c12600566
100 _a20211001d2021 |||y0rusy50 ca
101 0 _arus
102 _aRU
200 0 _a2021, № 3 (55)
210 _d2021
_aБ. м.
421 0 _12001#$aPro//Тепловозы. СТМ$eновое поколение
_1309##$aВкладка
_tPro//Тепловозы. СТМ
461 0 _1001RU\NLR\Per\550266
_12001#$aТехника железных дорог$eтенденции, аналитика, статистика$fОб-ние производителей ж.д. техники$v2021, № 3 (55)
_91848539
_cМосква
_d2008 -
_fОб-ние производителей ж.д. техники
_nИнститут проблем естественных монополий
_oтенденции, аналитика, статистика
_tТехника железных дорог
_v2021, № 3 (55)
852 _aNLR
_jП11/5486
942 _cISSUE
980 _aNB
980 _aRUSPER